02428nam a22002537a 450000500170000000800410001702000180005804000070007604100120008308200180009510000440011324500710015726000400022830000360026836500600030452014900036465000270185470000350188170000280191670000280194494200120197299900190198495201710200320230728115454.0230727b ||||| |||| 00| 0 eng d a9789391047511 cAL aEnglish 223a954bMUKN aRudrangshu Mukherjee and others9128817 aNew History Of India: From Its Origins To The Twenty-first Century aNew DelhibAleph Book Companyc2023 axxiii,455 p.bHBc23.5x15.5 cm. aBLCR-000026b₹799.00c₹d₹999.00e20%f15-07-2023 aA complete one-volume history of India illustrated throughout by maps and photographs in full colour. The book covers all the major landmarks of Indian history from prehistoric times up to the twenty-first century—starting with the country’s geological origins a few billion years in the past and the migration of Homo sapiens from Africa into the region several millennia ago. It traces the evolution of Indian civilization through a multitude of epochs, personalities, and turning points, including the Harappan Culture, Vedic Society, the age of Mahavira and the Buddha, Ashoka and the Mauryas, the Gupta period, the Delhi Sultanate, major kingdoms in the east, west, and south, the Mughal empire, European incursions into the subcontinent, the British Raj, the freedom struggle led by Gandhi, Nehru, Patel, Bose, Tagore, and others, Independence and Partition, and key developments in the life of the modern republic. Deepening the overarching narrative are essays on archaeology, caste, religion, art, architecture, philosophy, language, culture, the economy, and various aspects of the nation’s plural, diverse society. Written by award-winning historian Rudrangshu Mukherjee along with cultural historian Shobita Punja and photographer-archivist Toby Sinclair, A New History of India brings the story of one of the oldest, most complex countries on earth to vivid life by blending state-of-the-art pictures and maps with a text of depth, clarity, and rigorous scholarship. aIndian History9128678 aMUKHERJEE (Rudrangshu)9128632 aPUNJA (Shobita)9128633 aSINCLAIR (Toby)9128634 2ddccBK c228178d228178 00102ddc40708HISaALbALd2023-07-22eNavakarnataka Publications Pvt.Ltd.g799.00l2m1o954 MUKNp076605r2024-01-22 00:00:00s2024-01-03v999.00w2023-07-27yBK